Statistics for Country Flags within one Flag

Click here to take the quiz!

General Stats

  • This quiz has been taken 133 times
  • The average score is 7 of 8

Answer Stats

Answer% Correct
Norway
98%
France
95%
Poland
95%
Finland
93%
Netherlands
93%
Thailand
93%
Indonesia
89%
Monaco
88%

Score Distribution

Percentile by Number Answered

Percent of People with Each Score

Your Score History

You have not taken this quiz